<?xml version="1.0" encoding="UTF-8"?>
<record
    xmlns:xsi="http://www.w3.org/2001/XMLSchema-instance"
    xsi:schemaLocation="http://www.loc.gov/MARC21/slim http://www.loc.gov/standards/marcxml/schema/MARC21slim.xsd"
    xmlns="http://www.loc.gov/MARC21/slim">

  <leader>01891nam a22002657a 4500</leader>
  <datafield tag="999" ind1=" " ind2=" ">
    <subfield code="c">4631</subfield>
    <subfield code="d">4631</subfield>
  </datafield>
  <controlfield tag="003">DO-SdBJH</controlfield>
  <controlfield tag="005">20191118222137.0</controlfield>
  <controlfield tag="008">180807b           ||||| |||| 00| 0 spa d</controlfield>
  <datafield tag="040" ind1=" " ind2=" ">
    <subfield code="a">DO-SdBJH</subfield>
    <subfield code="b">spa</subfield>
    <subfield code="c">DO-SdBJH</subfield>
  </datafield>
  <datafield tag="090" ind1=" " ind2=" ">
    <subfield code="a">TG EGDDHHyDIH</subfield>
    <subfield code="b">01216 2017</subfield>
  </datafield>
  <datafield tag="100" ind1="1" ind2=" ">
    <subfield code="a">Presinal Guerrero, Scarlet M.</subfield>
    <subfield code="e">sustentante</subfield>
  </datafield>
  <datafield tag="245" ind1="1" ind2="0">
    <subfield code="a">Pol&#xED;ticas en Derechos Humanos enfocadas a la prevenci&#xF3;n de la violencia contra la mujer e intrafamiliar en Rep&#xFA;blica Dominicana, per&#xED;odo 2016 / </subfield>
    <subfield code="c">Scarlet M. Presinal Guerrero, asesores Rosa Francia Burgos, Lilian Carrasco</subfield>
  </datafield>
  <datafield tag="260" ind1=" " ind2=" ">
    <subfield code="a">Santo Domingo :</subfield>
    <subfield code="b">INSUDE, </subfield>
    <subfield code="c">2017</subfield>
  </datafield>
  <datafield tag="300" ind1=" " ind2=" ">
    <subfield code="a">xi, 97 p&#xE1;ginas, ilustraciones-cuadros-fotos en el anexo</subfield>
  </datafield>
  <datafield tag="502" ind1=" " ind2=" ">
    <subfield code="a">Tesis (Especialidad en Derechos Humanos y Derecho Internacional Humanitario) -- Instituto Superior para la Defensa (INSUDE). Escuela de Graduados en Derechos Humanos y Derecho Internacional Humanitario, 2017</subfield>
  </datafield>
  <datafield tag="504" ind1=" " ind2=" ">
    <subfield code="a"> Incluye referencias bibliogr&#xE1;ficas e &#xED;ndices</subfield>
  </datafield>
  <datafield tag="505" ind1=" " ind2=" ">
    <subfield code="a">Los Derechos Humanos y la prevenci&#xF3;n de la violencia contra la mujer e familiarmente en el sistema jur&#xED;dico dominicano. -- Leyes y convenios internacionales en materia de los Derechos Humanos y la prevenci&#xF3;n de la violencia contra la mujer e intrafamiliar. -- Impacto de las pol&#xED;ticas de Derechos Humanos e instituciones que trabajan para prevenci&#xF3;n de la violencia contra la mujer e intrafamiliar en el Distrito Nacional, periodo 2016</subfield>
  </datafield>
  <datafield tag="650" ind1=" " ind2="4">
    <subfield code="a">Instituciones en la prevenci&#xF3;n de la violencia familiar -- Distrito Nacional</subfield>
  </datafield>
  <datafield tag="650" ind1=" " ind2="4">
    <subfield code="a">Naciones unidas - Igualdad de g&#xE9;nero -- Violencia contra la mujer</subfield>
  </datafield>
  <datafield tag="650" ind1=" " ind2="4">
    <subfield code="a">Derechos Humanos -- Violencia intrafamiliar</subfield>
  </datafield>
  <datafield tag="700" ind1="1" ind2=" ">
    <subfield code="a">Burgos, Rosa Francia</subfield>
    <subfield code="e">asesor</subfield>
  </datafield>
  <datafield tag="700" ind1="1" ind2=" ">
    <subfield code="a">Carrasco, Lilian</subfield>
    <subfield code="e">asesor</subfield>
  </datafield>
  <datafield tag="830" ind1=" " ind2=" ">
    <subfield code="a">INSUDE.  Escuela de Graduados en Derechos Humanos y Derecho Internacional Humanitario. Tesis y disertaciones acad&#xE9;micas</subfield>
  </datafield>
  <datafield tag="942" ind1=" " ind2=" ">
    <subfield code="2">ddc</subfield>
    <subfield code="c">T</subfield>
  </datafield>
  <datafield tag="952" ind1=" " ind2=" ">
    <subfield code="0">0</subfield>
    <subfield code="1">0</subfield>
    <subfield code="2">ddc</subfield>
    <subfield code="4">0</subfield>
    <subfield code="7">1</subfield>
    <subfield code="8">TG</subfield>
    <subfield code="a">BJHA</subfield>
    <subfield code="b">BJHA</subfield>
    <subfield code="d">2018-08-07</subfield>
    <subfield code="i">17-01216</subfield>
    <subfield code="l">0</subfield>
    <subfield code="o">TG EGDDHHyDIH 01216 2017</subfield>
    <subfield code="p">17-01216</subfield>
    <subfield code="r">2018-10-06 00:00:00</subfield>
    <subfield code="t">e.1</subfield>
    <subfield code="w">2018-08-07</subfield>
    <subfield code="y">T</subfield>
  </datafield>
</record>
